00543nam a2200169Ia 4500003000500000005001700005008004100022020001800063050002500081100001900106245009100125250001700216260005200233300002400285500005100309650001300360PILC20160318095821.0140321s9999 xx 000 0 und d a9781906884253 aG 155.A1b.C784 2013 aCooper, Chris. aContemporary tourism :ban international approach /cChris Cooper and C. Michael Hall. a2nd edition. aOxford :bGoodfellow Publishers Limited,c2013. a364 pages ;c25 cm. aIncludes bibliographical references and index. aTourism.